Statistics for All Chasers

Click here to take the quiz!

General Stats

  • This quiz has been taken 7 times
  • The average score is 7 of 38

Answer Stats

Country (ies)Name% Correct
UK, AustraliaAnnabelle 'Anne' Hegerty/The Governess
100%
UKShaun Wallace/The Dark Destroyer
100%
UKJennifer 'Jenny' Ryan/The Vixen
86%
UK, Australia, USMarcus 'Mark' Labbett/The Beast
86%
UKPaul Sinha/The Sinnerman
86%
AustraliaBrydon Coverdale/The Shark
57%
AustraliaIssa Schultz/The Supernerd
57%
AustraliaMatthew 'Matt' Parkinson/The Goliath
43%
ChinaA Yi
29%
GermanyGrażyna Werne/The Governess/Die Gouvernante
29%
GermanyHolger Waldenberger/The Giant/Der Gigant
14%
GermanyKlaus Otto Nagorsnik/The Librarian/Der Bibliothekar
14%
TurkeyMuhsin Divan
14%
RussiaOlga Uspanova
14%
GermanySebastian Klussmann/The Know-All/Der Besserwisser
14%
RussiaAlexander Ediger
0%
RussiaBoris Burda
0%
CroatiaDean Kotiga
0%
IsraelItai Hermann
0%
NorwayJan Arild Breistein
0%
ChinaJi Lianhai
0%
RussiaJuriy Hashimov
0%
ChinaKang Zhen
0%
CroatiaKrešimir Sučević-Međeral
0%
ChinaLi Bo
0%
SerbiaMaja Lalić
0%
ChinaMeng Man
0%
SerbiaMilica Jokanović
0%
SerbiaMilorad Milinković
0%
CroatiaMirko Miočić
0%
CroatiaMladen Vukorepa
0%
CroatiaMorana Zibar
0%
GermanySebastian Jacoby/The Quiz God/Der Quizgott
0%
SerbiaSlobodan Nešović
0%
NorwayThomas Kolåsæter
0%
NorwayTrine Aalborg
0%
SerbiaUroš Đurić
0%
SerbiaŽarko Stevanović
0%

Score Distribution

Percentile by Number Answered

Percent of People with Each Score

Your Score History

You have not taken this quiz